Normal view
MARC view
- Peterse, D J
Entry Personal Name
001 - CONTROL NUMBER
- control field: 7670
003 - CONTROL NUMBER IDENTIFIER
- control field: OSt
005 - DATE AND TIME OF LATEST TRANSACTION
- control field: 20250802145326.0
008 - FIXED-LENGTH DATA ELEMENTS
- fixed length control field: 250802|| aca||aabn | a|a d
040 ## - CATALOGING SOURCE
- Original cataloging agency: OSt
- Transcribing agency: OSt
100 ## - HEADING--PERSONAL NAME
- Personal name: Peterse, D J
670 ## - SOURCE DATA FOUND
- Source citation: Work cat.: (OSt)171: Wierenga, H K. 7669, Cattle housing systems, lameness and behaviour / , 1987.
